00464 a2200169 450000100060000002000150000604000240002110000230004524000230006824500180009130000070010936200090011665000360012594200070016195201090016899900170027769073 a1405051027 cAnchieta - Itaigara aRedfern, Katherine10aBuggy buddieslIng10aBuggy buddies a100 a1999 4aLiteratura infantil em inglês cBK 00104070a88.1b88.1d2023-11-21l0oLI 028.573 RED BUGp1013/ITAr2023-11-21 20:03:28w2023-11-21yBK c69073d69073